[Event "Grand Swiss "]
[Date "2025.09.11"]
[White "Abdisalimov, Abdimalik"]
[Black "Martirosyan, Haik M."]
[WhiteElo "2488"]
[BlackElo "2628"]
[Round "7.7.52"]
[Result "1-0"]

1. e4 {[%clk 01:40:54] [%emt 00:00:05]} c6 {[%clk 01:40:36] [%emt 00:00:24]} 2.
Nf3 {[%clk 01:41:08] [%emt 00:00:16]} d5 {[%clk 01:40:51] [%emt 00:00:15]} 3.
Nc3 {[%clk 01:41:32] [%emt 00:00:06]} Bg4 {[%clk 01:40:59] [%emt 00:00:21]} 4.
h3 {[%clk 01:41:56] [%emt 00:00:07]} Bxf3 {[%clk 01:41:25] [%emt 00:00:04]} 5.
Qxf3 {[%clk 01:42:19] [%emt 00:00:07]} e6 {[%clk 01:41:50] [%emt 00:00:05]} 6.
Be2 {[%clk 01:42:43] [%emt 00:00:07]} d4 {[%clk 01:42:04] [%emt 00:00:15]} 7.
Nb1 {[%clk 01:42:00] [%emt 00:01:13]} Ne7 {[%clk 01:42:22] [%emt 00:00:12]} 8.
d3 {[%clk 01:41:26] [%emt 00:01:04]} h5 {[%clk 01:41:45] [%emt 00:01:07]} 9. h4
{[%clk 01:41:21] [%emt 00:00:35]} Ng6 {[%clk 01:42:10] [%emt 00:00:05]} 10. g3
{[%clk 01:41:46] [%emt 00:00:06]} a5 {[%clk 01:42:28] [%emt 00:00:11]} 11. Nd2
{[%clk 01:39:19] [%emt 00:02:57]} a4 {[%clk 01:42:26] [%emt 00:00:32]} 12. a3
{[%clk 01:34:17] [%emt 00:05:33]} Nd7 {[%clk 01:42:50] [%emt 00:00:06]} 13. Qg2
{[%clk 01:33:44] [%emt 00:01:03]} Be7 {[%clk 01:43:12] [%emt 00:00:07]} 14. Nf3
{[%clk 01:31:58] [%emt 00:02:16]} e5 {[%clk 01:37:09] [%emt 00:06:34]} 15. O-O
{[%clk 01:28:51] [%emt 00:03:36]} Ngf8 {[%clk 01:31:40] [%emt 00:05:59]} 16. c3
{[%clk 01:13:58] [%emt 00:15:24]} c5 {[%clk 01:29:58] [%emt 00:02:11]} 17. Bd2
{[%clk 01:05:06] [%emt 00:09:22]} Ne6 {[%clk 01:28:28] [%emt 00:02:00]} 18. Bd1
{[%clk 01:05:27] [%emt 00:00:10]} b5 {[%clk 01:24:13] [%emt 00:04:45]} 19. cxd4
{[%clk 01:01:12] [%emt 00:04:45]} Nxd4 {[%clk 01:11:54] [%emt 00:12:48]} 20.
Nxd4 {[%clk 00:59:59] [%emt 00:01:43]} cxd4 {[%clk 01:12:18] [%emt 00:00:06]}
21. f4 {[%clk 00:44:02] [%emt 00:16:28]} Ra6 {[%clk 00:58:45] [%emt 00:14:03]}
22. fxe5 {[%clk 00:38:01] [%emt 00:06:31]} Nxe5 {[%clk 00:44:18] [%emt
00:14:57]} 23. Rf5 {[%clk 00:31:38] [%emt 00:06:53]} Re6 {[%clk 00:42:53] [%emt
00:01:55]} 24. Rxh5 {[%clk 00:31:37] [%emt 00:00:30]} O-O {[%clk 00:41:40] [%emt
00:01:43]} 25. Rf5 {[%clk 00:21:10] [%emt 00:10:58]} Nxd3 {[%clk 00:37:38] [%emt
00:04:32]} 26. Rxb5 {[%clk 00:20:53] [%emt 00:00:47]} Qc7 {[%clk 00:30:12] [%emt
00:07:56]} 27. Bxa4 {[%clk 00:16:54] [%emt 00:04:30]} Rg6 {[%clk 00:25:34] [%emt
00:05:07]} 28. g4 {[%clk 00:16:58] [%emt 00:00:26]} Bxh4 {[%clk 00:16:01] [%emt
00:10:03]} 29. Rf1 {[%clk 00:10:11] [%emt 00:07:16]} Nc5 {[%clk 00:12:19] [%emt
00:04:12]} 30. Rc1 {[%clk 00:08:07] [%emt 00:02:35]} Rc6 {[%clk 00:11:11] [%emt
00:01:37]} 31. e5 {[%clk 00:08:07] [%emt 00:00:31]} Ne4 {[%clk 00:09:29] [%emt
00:02:12]} 32. Rxc6 {[%clk 00:07:24] [%emt 00:01:13]} Qxc6 {[%clk 00:09:58]} 33.
Rb4 {[%clk 00:06:09] [%emt 00:01:45]} Qa8 {[%clk 00:08:12] [%emt 00:02:16]} 34.
Bf4 {[%clk 00:06:38] [%emt 00:00:01]} Rd8 {[%clk 00:04:06] [%emt 00:04:35]} 35.
g5 {[%clk 00:04:29] [%emt 00:02:40]} Bf2+ {[%clk 00:01:19] [%emt 00:03:17]} 36.
Kh2 {[%clk 00:03:48] [%emt 00:01:11]} Nc5 {[%clk 00:00:36] [%emt 00:01:13]} 37.
Qxf2 {[%clk 00:02:36] [%emt 00:01:43]} Nd3 {[%clk 00:00:46] [%emt 00:00:20]} 38.
Qd2 {[%clk 00:02:57] [%emt 00:00:07]} Nxb4 {[%clk 00:00:45] [%emt 00:00:32]} 39.
Qxb4 {[%clk 00:03:24] [%emt 00:00:02]} Qe4 {[%clk 00:00:34] [%emt 00:00:42]} 40.
Qd2 {[%clk 00:02:07] [%emt 00:01:47]} d3 {[%clk 00:00:34] [%emt 00:00:30]} 41.
Bd1 {[%clk 00:46:28] [%emt 00:06:08]} Rd4 {[%clk 00:48:55] [%emt 00:02:10]} 42.
Bg3 {[%clk 00:45:16] [%emt 00:01:41]} Rc4 {[%clk 00:46:10] [%emt 00:03:16]} 43.
a4 {[%clk 00:38:35] [%emt 00:07:11]} Qd4 {[%clk 00:40:31] [%emt 00:06:08]} 44.
a5 {[%clk 00:35:16] [%emt 00:03:49]} Rc6 {[%clk 00:40:21] [%emt 00:00:41]} 45.
Kg2 {[%clk 00:31:32] [%emt 00:04:14]} Qc4 {[%clk 00:39:24] [%emt 00:01:27]} 46.
Bf4 {[%clk 00:30:02] [%emt 00:01:59]} Qb5 {[%clk 00:38:55] [%emt 00:00:59]} 47.
Kg3 {[%clk 00:29:48] [%emt 00:00:44]} Qc4 {[%clk 00:34:55] [%emt 00:04:30]} 48.
Bf3 {[%clk 00:29:32] [%emt 00:00:46]} Rc5 {[%clk 00:34:44] [%emt 00:00:41]} 49.
b4 {[%clk 00:27:08] [%emt 00:02:55]} Rc8 {[%clk 00:35:11] [%emt 00:00:02]} 50.
Qe1 {[%clk 00:26:21] [%emt 00:01:17]} Rd8 {[%clk 00:32:54] [%emt 00:02:48]} 51.
Bd2 {[%clk 00:25:44] [%emt 00:01:07]} 1-0

[Site "Europe Echecs"]

[Event "Grand Swiss "]
[Date "2025.09.11"]
[White "Suyarov, Mukhammadzokhid"]
[Black "Dardha, Daniel"]
[WhiteElo "2482"]
[BlackElo "2624"]
[Round "7.7.53"]
[Result "0-1"]

1. e4 {[%clk 01:40:53] [%emt 00:00:05]} c6 {[%clk 01:40:48] [%emt 00:00:12]} 2.
d4 {[%clk 01:40:59] [%emt 00:00:25]} d5 {[%clk 01:41:12] [%emt 00:00:06]} 3. e5
{[%clk 01:41:20] [%emt 00:00:09]} Bf5 {[%clk 01:41:26] [%emt 00:00:16]} 4. Nf3
{[%clk 01:41:16] [%emt 00:00:34]} e6 {[%clk 01:41:45] [%emt 00:00:10]} 5. Be2
{[%clk 01:41:33] [%emt 00:00:15]} c5 {[%clk 01:41:52] [%emt 00:00:22]} 6. Be3
{[%clk 01:41:08] [%emt 00:00:55]} cxd4 {[%clk 01:41:36] [%emt 00:00:46]} 7. Nxd4
{[%clk 01:41:13] [%emt 00:00:25]} Ne7 {[%clk 01:41:50] [%emt 00:00:17]} 8. O-O
{[%clk 01:33:53] [%emt 00:07:48]} Nbc6 {[%clk 01:41:13] [%emt 00:01:08]} 9. Bb5
{[%clk 01:32:40] [%emt 00:01:43]} a6 {[%clk 01:40:04] [%emt 00:01:39]} 10. Bxc6+
{[%clk 01:32:29] [%emt 00:00:41]} bxc6 {[%clk 01:40:28] [%emt 00:00:07]} 11. c4
{[%clk 01:20:40] [%emt 00:12:19]} Qd7 {[%clk 01:39:53] [%emt 00:01:04]} 12. cxd5
{[%clk 00:51:58] [%emt 00:29:12]} Nxd5 {[%clk 01:35:14] [%emt 00:05:10]} 13.
Nxf5 {[%clk 00:52:02] [%emt 00:00:26]} exf5 {[%clk 01:35:37] [%emt 00:00:06]}
14. Bd4 {[%clk 00:51:11] [%emt 00:01:21]} c5 {[%clk 01:25:05] [%emt 00:11:02]}
15. Bc3 {[%clk 00:50:11] [%emt 00:01:30]} Rb8 {[%clk 01:10:39] [%emt 00:14:56]}
16. Qf3 {[%clk 00:47:03] [%emt 00:03:39]} Qe6 {[%clk 01:08:08] [%emt 00:03:01]}
17. Rd1 {[%clk 00:46:30] [%emt 00:01:04]} Nb4 {[%clk 01:00:20] [%emt 00:08:17]}
18. Nd2 {[%clk 00:43:43] [%emt 00:03:16]} Be7 {[%clk 00:50:22] [%emt 00:10:29]}
19. Bxb4 {[%clk 00:41:41] [%emt 00:02:31]} cxb4 {[%clk 00:49:02] [%emt
00:01:50]} 20. Nb3 {[%clk 00:41:46] [%emt 00:00:26]} Qxe5 {[%emt 00:25:59]} 21.
Re1 {[%clk 00:10:54] [%emt 00:13:11]} Qf6 {[%clk 00:39:25] [%emt 00:02:49]} 22.
Nc5 {[%clk 00:09:43] [%emt 00:01:40]} Qd6 {[%clk 00:35:43] [%emt 00:04:12]} 23.
Rac1 {[%clk 00:02:20] [%emt 00:07:53]} O-O {[%clk 00:33:59] [%emt 00:02:14]} 24.
Red1 {[%clk 00:01:27] [%emt 00:01:23]} Qh6 {[%clk 00:34:10] [%emt 00:00:19]} 25.
Qxf5 {[%clk 00:01:22] [%emt 00:00:35]} Rb5 {[%clk 00:30:02] [%emt 00:04:38]} 26.
Qe5 {[%clk 00:00:32] [%emt 00:01:21]} Qg5 {[%clk 00:30:12] [%emt 00:00:20]} 27.
Re1 {[%clk 00:00:34] [%emt 00:00:27]} Bxc5 {[%clk 00:23:51] [%emt 00:06:51]} 28.
Qxg5 {[%clk 00:01:02] [%emt 00:00:02]} Bxf2+ {[%clk 00:24:14] [%emt 00:00:07]}
29. Kxf2 {[%clk 00:01:29] [%emt 00:00:03]} Rxg5 {[%clk 00:24:39] [%emt
00:00:05]} 30. Re4 {[%clk 00:01:41] [%emt 00:00:18]} a5 {[%clk 00:24:34] [%emt
00:00:35]} 31. Rec4 {[%clk 00:01:21] [%emt 00:00:50]} Rd5 {[%clk 00:24:04] [%emt
00:01:00]} 32. R1c2 {[%clk 00:00:36] [%emt 00:01:16]} h5 {[%clk 00:21:08] [%emt
00:03:25]} 33. Rc5 {[%clk 00:00:32] [%emt 00:00:34]} Rfd8 {[%clk 00:21:31] [%emt
00:00:07]} 34. Ke2 {[%clk 00:00:33] [%emt 00:00:29]} f6 {[%clk 00:20:18] [%emt
00:01:43]} 35. h4 {[%clk 00:00:32] [%emt 00:00:30]} Kf7 {[%clk 00:17:38] [%emt
00:03:11]} 36. Rxd5 {[%clk 00:00:53] [%emt 00:00:10]} Rxd5 {[%clk 00:18:03]
[%emt 00:00:04]} 37. Rc7+ {[%clk 00:01:15] [%emt 00:00:08]} Kg6 {[%clk 00:18:27]
[%emt 00:00:05]} 38. g3 {[%clk 00:00:59] [%emt 00:00:47]} Rb5 {[%clk 00:13:11]
[%emt 00:05:46]} 39. b3 {[%clk 00:00:32] [%emt 00:00:57]} Re5+ {[%clk 00:11:45]
[%emt 00:01:56]} 40. Kf3 {[%clk 00:00:33] [%emt 00:00:29]} Kh6 {[%clk 00:10:09]
[%emt 00:02:06]} 41. Rc6 {[%clk 00:47:01] [%emt 00:04:02]} Rf5+ {[%clk 00:58:31]
[%emt 00:02:08]} 42. Ke4 {[%clk 00:46:18] [%emt 00:01:12]} Rf2 {[%clk 00:56:22]
[%emt 00:02:40]} 43. Rc5 {[%clk 00:41:56] [%emt 00:04:53]} Rxa2 {[%clk 00:56:38]
[%emt 00:00:14]} 44. Kf3 {[%clk 00:42:23] [%emt 00:00:03]} Ra3 {[%clk 00:53:10]
[%emt 00:03:57]} 45. Kg2 {[%clk 00:42:51] [%emt 00:00:02]} Kg6 {[%clk 00:50:08]
[%emt 00:03:33]} 46. Kh3 {[%clk 00:43:15] [%emt 00:00:06]} f5 {[%clk 00:49:35]
[%emt 00:01:02]} 47. Kg2 {[%clk 00:43:13] [%emt 00:00:32]} Kf6 {[%clk 00:49:30]
[%emt 00:00:35]} 0-1

[Site "Europe Echecs"]

[Event "Grand Swiss "]
[Date "2025.09.11"]
[White "Svane, Rasmus"]
[Black "Goryachkina, Aleksandra"]
[WhiteElo "2620"]
[BlackElo "2528"]
[Round "7.7.54"]
[Result "1/2-1/2"]

1. Nf3 {[%clk 01:40:57] [%emt 00:00:01]} d5 {[%clk 01:40:44] [%emt 00:00:17]} 2.
b3 {[%clk 01:41:22] [%emt 00:00:05]} c5 {[%clk 01:39:53] [%emt 00:01:21]} 3. e3
{[%clk 01:41:29] [%emt 00:00:23]} a6 {[%clk 01:39:34] [%emt 00:00:49]} 4. Bb2
{[%clk 01:41:48] [%emt 00:00:10]} Nc6 {[%clk 01:39:51] [%emt 00:00:14]} 5. d4
{[%clk 01:27:55] [%emt 00:14:23]} Nf6 {[%clk 01:39:52] [%emt 00:00:29]} 6. dxc5
{[%clk 01:26:10] [%emt 00:02:15]} e6 {[%clk 01:34:37] [%emt 00:05:45]} 7. Nbd2
{[%clk 01:25:46] [%emt 00:00:54]} Bxc5 {[%clk 01:34:35] [%emt 00:00:33]} 8. a3
{[%clk 01:21:03] [%emt 00:05:13]} O-O {[%clk 01:32:51] [%emt 00:02:13]} 9. Bd3
{[%clk 01:13:39] [%emt 00:07:53]} Qe7 {[%clk 01:30:47] [%emt 00:02:35]} 10. b4
{[%clk 01:11:10] [%emt 00:03:00]} Ba7 {[%clk 01:30:00] [%emt 00:01:17]} 11. c4
{[%clk 01:11:15] [%emt 00:00:24]} Rd8 {[%clk 01:21:29] [%emt 00:09:01]} 12. Qc2
{[%clk 01:06:29] [%emt 00:05:15]} dxc4 {[%clk 01:17:36] [%emt 00:04:24]} 13.
Nxc4 {[%clk 01:06:11] [%emt 00:00:47]} b5 {[%clk 01:14:00] [%emt 00:04:07]} 14.
Ncd2 {[%clk 01:05:58] [%emt 00:00:43]} Bb7 {[%clk 01:12:03] [%emt 00:02:28]} 15.
Rc1 {[%clk 00:52:34] [%emt 00:13:53]} h6 {[%clk 01:04:25] [%emt 00:08:08]} 16.
O-O {[%clk 00:50:30] [%emt 00:02:34]} Rac8 {[%clk 01:03:18] [%emt 00:01:37]} 17.
Qb1 {[%clk 00:50:41] [%emt 00:00:18]} Bb8 {[%clk 00:59:40] [%emt 00:04:09]} 18.
h3 {[%clk 00:42:33] [%emt 00:08:37]} Nd7 {[%clk 00:55:08] [%emt 00:05:03]} 19.
Rfd1 {[%clk 00:33:49] [%emt 00:09:14]} Nce5 {[%clk 00:49:06] [%emt 00:06:33]}
20. Rxc8 {[%clk 00:30:47] [%emt 00:03:31]} Rxc8 {[%clk 00:48:40] [%emt
00:00:56]} 21. Bh7+ {[%clk 00:28:09] [%emt 00:03:08]} Kh8 {[%clk 00:46:23] [%emt
00:02:47]} 22. Be4 {[%clk 00:25:48] [%emt 00:02:51]} Nxf3+ {[%clk 00:32:57]
[%emt 00:13:56]} 23. Nxf3 {[%clk 00:25:17] [%emt 00:01:01]} Nb6 {[%clk 00:32:03]
[%emt 00:01:24]} 24. Bxb7 {[%clk 00:23:15] [%emt 00:02:32]} Qxb7 {[%clk
00:32:27] [%emt 00:00:06]} 25. Qa1 {[%clk 00:23:36] [%emt 00:00:08]} Kh7 {[%clk
00:29:30] [%emt 00:03:27]} 26. Qb1+ {[%clk 00:16:51] [%emt 00:07:15]} Kg8 {[%clk
00:29:08] [%emt 00:00:53]} 27. Qa1 {[%clk 00:17:12] [%emt 00:00:09]} Kh7 {[%clk
00:28:38] [%emt 00:01:00]} 28. Qb1+ {[%clk 00:11:16] [%emt 00:06:26]} Kg8 {[%clk
00:29:02] [%emt 00:00:06]} 29. Qa1 {[%clk 00:11:27] [%emt 00:00:19]} Kh7 {[%clk
00:27:33] [%emt 00:01:59]} 30. Qb1+ {[%clk 00:11:40] [%emt 00:00:17]} Kg8 {[%clk
00:28:01] [%emt 00:00:02]} 31. Qa1 {[%emt 00:00:08]} 1/2-1/2

[Site "Europe Echecs"]

[Event "Grand Swiss "]
[Date "2025.09.11"]
[White "Hammer, Jon Ludvig"]
[Black "Karthikeyan, Murali"]
[WhiteElo "2618"]
[BlackElo "2669"]
[Round "7.7.55"]
[Result "0-1"]

1. d4 {[%clk 01:40:58] [%emt 00:00:02]} Nf6 {[%clk 01:40:50] [%emt 00:00:11]} 2.
c4 {[%clk 01:41:23] [%emt 00:00:05]} g6 {[%clk 01:41:13] [%emt 00:00:06]} 3. Nc3
{[%clk 01:41:47] [%emt 00:00:06]} Bg7 {[%clk 01:41:38] [%emt 00:00:06]} 4. e4
{[%clk 01:42:10] [%emt 00:00:06]} d6 {[%clk 01:42:02] [%emt 00:00:06]} 5. Nf3
{[%clk 01:42:32] [%emt 00:00:07]} O-O {[%clk 01:42:19] [%emt 00:00:14]} 6. Be2
{[%clk 01:42:57] [%emt 00:00:05]} e5 {[%clk 01:42:11] [%emt 00:00:38]} 7. O-O
{[%clk 01:43:19] [%emt 00:00:07]} Nbd7 {[%clk 01:41:48] [%emt 00:00:53]} 8. Re1
{[%clk 01:43:20] [%emt 00:00:29]} Re8 {[%clk 01:37:14] [%emt 00:05:05]} 9. d5
{[%clk 01:42:39] [%emt 00:01:11]} Nc5 {[%clk 01:36:37] [%emt 00:01:07]} 10. Bf1
{[%clk 01:43:00] [%emt 00:00:08]} a5 {[%clk 01:37:01] [%emt 00:00:07]} 11. b3
{[%clk 01:40:48] [%emt 00:02:41]} h6 {[%clk 01:34:07] [%emt 00:03:24]} 12. Rb1
{[%clk 01:40:30] [%emt 00:00:48]} Bd7 {[%clk 01:31:50] [%emt 00:02:47]} 13. a3
{[%clk 01:38:18] [%emt 00:02:43]} a4 {[%clk 01:29:31] [%emt 00:02:48]} 14. b4
{[%clk 01:38:40] [%emt 00:00:08]} Nb3 {[%clk 01:29:52] [%emt 00:00:08]} 15. Bb2
{[%clk 01:27:16] [%emt 00:11:54]} h5 {[%clk 01:16:31] [%emt 00:13:51]} 16. Bd3
{[%clk 01:24:49] [%emt 00:02:58]} Bg4 {[%clk 01:12:26] [%emt 00:04:35]} 17. h3
{[%clk 01:16:27] [%emt 00:08:52]} Bxf3 {[%clk 01:11:11] [%emt 00:01:45]} 18.
Qxf3 {[%clk 01:16:50] [%emt 00:00:07]} Nd2 {[%clk 01:11:25] [%emt 00:00:16]} 19.
Qe2 {[%clk 01:16:57] [%emt 00:00:23]} Nxb1 {[%clk 01:11:47] [%emt 00:00:07]} 20.
Rxb1 {[%clk 01:17:22] [%emt 00:00:05]} Bh6 {[%clk 00:56:50] [%emt 00:15:27]} 21.
Bc2 {[%clk 01:16:45] [%emt 00:01:06]} Qd7 {[%clk 00:55:25] [%emt 00:01:55]} 22.
Rd1 {[%clk 01:08:34] [%emt 00:08:41]} Rec8 {[%clk 00:43:44] [%emt 00:12:12]} 23.
Qf3 {[%clk 00:52:12] [%emt 00:16:52]} Ne8 {[%clk 00:39:33] [%emt 00:04:40]} 24.
c5 {[%clk 00:43:18] [%emt 00:09:24]} dxc5 {[%clk 00:35:44] [%emt 00:04:19]} 25.
bxc5 {[%clk 00:43:40] [%emt 00:00:08]} Ra5 {[%clk 00:32:43] [%emt 00:03:31]} 26.
Nxa4 {[%clk 00:31:05] [%emt 00:13:05]} Rca8 {[%clk 00:30:16] [%emt 00:02:56]}
27. Bb3 {[%clk 00:19:49] [%emt 00:11:47]} Rxa4 {[%clk 00:28:22] [%emt 00:02:24]}
28. c6 {[%clk 00:17:43] [%emt 00:02:36]} bxc6 {[%clk 00:27:35] [%emt 00:01:17]}
29. dxc6 {[%clk 00:18:02] [%emt 00:00:10]} Qe7 {[%clk 00:27:50] [%emt 00:00:15]}
30. Rd7 {[%clk 00:18:03] [%emt 00:00:28]} Qf6 {[%clk 00:28:12] [%emt 00:00:08]}
31. Rxf7 {[%clk 00:11:46] [%emt 00:06:48]} Qxf3 {[%clk 00:28:21] [%emt
00:00:21]} 32. Rxf3+ {[%clk 00:12:10] [%emt 00:00:06]} Kh8 {[%clk 00:21:06]
[%emt 00:07:44]} 33. Bxe5+ {[%clk 00:07:29] [%emt 00:05:11]} Bg7 {[%clk
00:21:31] [%emt 00:00:05]} 34. Bxg7+ {[%clk 00:07:51] [%emt 00:00:08]} Nxg7
{[%clk 00:21:50] [%emt 00:00:11]} 35. Bxa4 {[%clk 00:08:16] [%emt 00:00:05]}
Rxa4 {[%clk 00:22:16] [%emt 00:00:04]} 36. Rf8+ {[%clk 00:08:33] [%emt
00:00:12]} Kh7 {[%clk 00:22:41] [%emt 00:00:06]} 37. Rf7 {[%clk 00:08:52] [%emt
00:00:11]} Rxe4 {[%clk 00:19:02] [%emt 00:04:10]} 38. Rxc7 {[%clk 00:09:15]
[%emt 00:00:07]} Rc4 {[%clk 00:10:31] [%emt 00:09:00]} 39. Re7 {[%clk 00:02:58]
[%emt 00:06:47]} Rxc6 {[%clk 00:10:12] [%emt 00:00:50]} 40. h4 {[%clk 00:03:11]
[%emt 00:00:17]} Ra6 {[%clk 00:10:06] [%emt 00:00:36]} 41. g3 {[%clk 00:03:12]
[%emt 00:00:30]} Rxa3 {[%clk 00:10:22] [%emt 00:00:14]} 42. Kg2 {[%clk 00:03:21]
[%emt 00:00:20]} Kg8 {[%clk 00:07:29] [%emt 00:03:24]} 43. Rb7 {[%clk 00:02:25]
[%emt 00:01:26]} Ne8 {[%clk 00:03:36] [%emt 00:04:21]} 44. Re7 {[%clk 00:01:11]
[%emt 00:01:45]} Nf6 {[%clk 00:03:52] [%emt 00:00:14]} 45. Re2 {[%clk 00:01:30]
[%emt 00:00:12]} Kf7 {[%clk 00:03:17] [%emt 00:01:05]} 46. Kh2 {[%clk 00:01:33]
[%emt 00:00:26]} Ra4 {[%clk 00:49:37] [%emt 00:04:11]} 47. Kg2 {[%clk 00:51:52]
[%emt 00:00:11]} Re4 {[%clk 00:48:25] [%emt 00:01:42]} 48. Ra2 {[%clk 00:52:18]
[%emt 00:00:04]} Ke6 {[%clk 00:48:32] [%emt 00:00:23]} 49. Ra6+ {[%clk 00:50:28]
[%emt 00:02:20]} Kf5 {[%clk 00:47:57] [%emt 00:01:06]} 50. Ra2 {[%clk 00:50:53]
[%emt 00:00:05]} Rd4 {[%clk 00:47:07] [%emt 00:01:19]} 51. Ra5+ {[%clk 00:48:32]
[%emt 00:02:51]} Rd5 {[%clk 00:46:44] [%emt 00:00:54]} 52. Ra2 {[%emt 00:00:59]}
Ne4 {[%clk 00:46:48] [%emt 00:00:24]} 53. Ra8 {[%emt 00:04:51]} Rd2 {[%clk
00:42:53] [%emt 00:00:17]} 54. Rf8+ {[%clk 00:48:15] [%emt 00:00:06]} Nf6 {[%emt
00:00:45]} 55. Ra8 {[%emt 00:05:52]} Ng4 {[%clk 00:38:01] [%emt 00:00:03]} 56.
Rf8+ {[%emt 00:01:42]} Ke6 {[%emt 00:01:49]} 57. Rf3 {[%emt 00:00:28]} Ne5
{[%emt 00:06:47]} 58. Re3 {[%emt 00:02:12]} Kf5 {[%emt 00:07:43]} 59. Ra3 {[%emt
00:00:15]} Nd3 {[%emt 00:00:07]} 60. Ra5+ {[%emt 00:01:09]} Ke4 {[%emt
00:00:12]} 61. Ra4+ {[%emt 00:01:05]} Kd5 {[%emt 00:01:23]} 62. Ra5+ {[%emt
00:09:22]} Kd4 {[%emt 00:00:13]} 63. Ra4+ {[%emt 00:09:17]} Kc3 {[%emt
00:00:23]} 64. Ra3+ {[%emt 00:02:44]} Kc4 {[%emt 00:00:17]} 65. Ra6 {[%emt
00:05:20]} Rxf2+ {[%emt 00:00:12]} 66. Kg1 {[%emt 00:01:11]} Rd2 {[%emt
00:03:01]} 67. Rxg6 {[%emt 00:01:14]} Ne5 {[%emt 00:08:11]} 68. Rh6 {[%emt
00:02:33]} Kd3 {[%emt 00:03:42]} 69. Rd6+ {[%emt 00:04:23]} Ke4 {[%clk 00:04:13]
[%emt 00:00:19]} 70. Rf6 {[%emt 00:00:20]} Ng4 {[%emt 00:02:45]} 71. Rf4+ {[%emt
00:01:05]} Ke3 {[%emt 00:00:40]} 72. Rf5 {[%emt 00:00:51]} Nh2 {[%emt 00:01:48]}
73. Re5+ {[%emt 00:00:49]} Kf3 {[%clk 00:03:25] [%emt 00:00:21]} 74. Rxh5 {[%emt
00:00:06]} Rg2+ {[%emt 00:00:06]} 75. Kh1 {[%clk 00:15:32] [%emt 00:00:01]} Ng4
{[%clk 00:04:13] [%emt 00:00:06]} 76. Rf5+ {[%emt 00:00:07]} Kxg3 {[%emt
00:00:05]} 77. Rg5 {[%emt 00:00:17]} Rb2 {[%emt 00:00:19]} 0-1

[Site "Europe Echecs"]